Cologne Bonn Airport Destinations (Cologne, Germany) - Statistics

General Stats
  • This quiz has been taken 198 times
    18 since last reset
  • The average score is 82 of 113
Answer Stats
Airline Destination % Correct
Eurowings/Jet2.com London (Gatwick)
100%
Ryanair London (Stansted)
100%
Eurowings/Lufthansa/Lufthansa City Airlines Munich
100%
Condor/Eurowings/LEAV Aviaton/Ryanair Palma de Mallorca
100%
AJet/Corendon Airlines/Pegasus Airlines/SunExpress Ankara
94%
AJet/Corendon Airlines/Eurowings/Freebird Airlines/LEAV Aviaton/Pegasus Airlines/SunExpress Antalya
94%
Air Mediterranean/Eurowings/Ryanair Athens
94%
Ryanair Dublin
94%
Eurowings Ibiza
94%
Turkish Airlines Istanbul
94%
AJet/Pegasus Airlines Istanbul (Sabiha Gökçen)
94%
Eurowings/Ryanair Lisbon
94%
Eurowings/Ryanair Barcelona
88%
Eurowings Belgrade
88%
Eurowings Berlin
88%
Jet2.com Birmingham
88%
Wizz Air Bucharest (Otopeni)
88%
Eurowings Budapest
88%
Air Cairo/Nile Air Cairo
88%
Eurowings Edinburgh
88%
Eurowings/Ryanair Faro
88%
Corendon Airlines/Eurowings/Pegasus Airlines/SunExpress İzmir
88%
Eurowings/Ryanair Málaga
88%
Jet2.com/Ryanair Manchester
88%
Eurowings Menorca
88%
Eurowings Milan (Malpensa)
88%
Eurowings Naples
88%
Jet2.com Newcastle upon Tyne
88%
Eurowings Nice
88%
Eurowings/Ryanair Porto
88%
Ryanair Sofia
88%
Eurowings Split
88%
Eurowings/Ryanair Stockholm (Arlanda)
88%
Austrian Airlines/Eurowings/Ryanair Vienna
88%
Eurowings Zagreb
88%
Eurowings Zürich
88%
Eurowings/Ryanair Alicante
81%
Eurowings Bari
81%
Electra Airways/Eurowings Burgas
81%
Eurowings/Ryanair Corfu
81%
SunExpress Dalaman
81%
Eurowings Dubai (Al Maktoum)
81%
Eurowings Dubrovnik
81%
Eurowings/FlyErbil Erbil
81%
Eurowings Funchal
81%
Corendon Airlines/Eurowings/Ryanair Gran Canaria
81%
Eurowings/LEAV Aviaton Heraklion
81%
Air Cairo/Corendon Airlines/Eurowings/Marabu Hurghada
81%
Jet2.com Leeds/Bradford
81%
Eurowings Pisa
81%
Eurowings Rome (Fiumicino)
81%
Ryanair Seville
81%
Aegean Airlines/Eurowings Thessaloniki
81%
Ryanair Valencia
81%
Electra Airways/Eurowings Varna
81%
Eurowings/Ryanair Venice
81%
Eurowings Verona
81%
Eurowings/Ryanair Zadar
81%
Corendon Airlines/Pegasus Airlines/SunExpress Adana/Mersin
75%
Ryanair Agadir
75%
Pegasus Airlines/SunExpress Bodrum
75%
Eurowings/Ryanair Bologna
75%
Eurowings Brindisi
75%
Eurowings Catania
75%
Corendon Airlines/Eurowings/Ryanair Lanzarote
75%
Eurowings Larnaca
75%
Air Serbia Niš
75%
Eurowings Olbia
75%
Eurowings/Ryanair Palermo
75%
Ryanair Paphos
75%
Eurowings Prague
75%
Eurowings Pula
75%
Corendon Airlines/Eurowings/LEAV Aviaton Rhodes
75%
Ryanair Riga
75%
Eurowings Santorini
75%
Corendon Airlines/Eurowings/Marabu/Ryanair Tenerife (South)
75%
Eurowings/Wizz Air Tirana
75%
Ryanair Bergamo
69%
Jet2.com Bristol
69%
Eurowings Hamburg
69%
Eurowings/LEAV Aviaton Kos
69%
Ryanair Marrakesh
69%
Eurowings/FlyOne Armenia Yerevan
69%
Corendon Airlines/Eurowings/Marabu/Ryanair Fuerteventura
63%
LEAV Aviaton/Ryanair Malta
63%
Corendon Airlines/Eurowings Marsa Alam
63%
Wizz Air Skopje
63%
Air Arabia/Corendon Airlines/Eurowings Tangier
63%
Smartwings Abu Dhabi
56%
Eurowings Bastia
56%
Eurowings Jeddah
56%
Eurowings Lamezia Terme
56%
Wizz Air Podgorica
56%
Eurowings Rijeka
56%
SunExpress Samsun
56%
Eurowings Sarajevo
56%
SunExpress Trabzon
56%
Eurowings/Wizz Air Chișinău
50%
Pegasus Airlines Gaziantep
50%
Ryanair Kaunas
44%
Corendon Airlines/Eurowings/SunExpress Kayseri
44%
Ryanair Rimini
44%
Eurowings Tunis
44%
Eurowings Kavala
38%
Corendon Airlines/Eurowings Nador
38%
Pegasus Airlines Diyarbakır
31%
Eurowings Klagenfurt
31%
Corendon Airlines Gazipaşa
25%
Wizz Air Tuzla
25%
Pegasus Airlines/SunExpress Elazığ
19%
Ryanair Knock
13%
AJet Sivas
6%
Corendon Airlines Zonguldak
6%
No matching quizzes found
Score Distribution
Percent of People with Each Score
Percentile by Number Answered
Your Score History
You have not taken this quiz since the last reset